<?xml version="1.0" encoding="UTF-8"?>
<collection xmlns:xsi="http://www.w3.org/2001/XMLSchema-instance" xsi:schemaLocation="http://www.loc.gov/MARC21/slim http://www.loc.gov/standards/marcxml/schema/MARC21slim.xsd" xmlns="http://www.loc.gov/MARC21/slim">
 <record>
  <leader>00000cja a22000003a 4500</leader>
  <controlfield tag="001">UP-99796217610571467</controlfield>
  <controlfield tag="003">Buklod</controlfield>
  <controlfield tag="005">20130109142627.0</controlfield>
  <controlfield tag="006">a     r    |||| u|</controlfield>
  <controlfield tag="007">s| u||||||u|u|</controlfield>
  <controlfield tag="008">130109s        xx     d|||||||||||||| | </controlfield>
  <datafield tag="035" ind1=" " ind2=" ">
   <subfield code="a">(iLib)UPD-00192603122</subfield>
  </datafield>
  <datafield tag="040" ind1=" " ind2=" ">
   <subfield code="a">OH</subfield>
   <subfield code="d">DMUS</subfield>
  </datafield>
  <datafield tag="041" ind1=" " ind2=" ">
   <subfield code="a">eng</subfield>
   <subfield code="b">ger</subfield>
   <subfield code="b">fre</subfield>
  </datafield>
  <datafield tag="090" ind1=" " ind2=" ">
   <subfield code="a">CD 1649</subfield>
  </datafield>
  <datafield tag="100" ind1="0" ind2=" ">
   <subfield code="a">Horowitz, Vladimir</subfield>
   <subfield code="d">1903-1989.</subfield>
  </datafield>
  <datafield tag="245" ind1="0" ind2="0">
   <subfield code="a">Encores [sound recording]</subfield>
   <subfield code="c">Vladimir Horowitz.</subfield>
  </datafield>
  <datafield tag="300" ind1=" " ind2=" ">
   <subfield code="a">1 sound disc</subfield>
   <subfield code="b">digital</subfield>
   <subfield code="c">4 3/4 in</subfield>
  </datafield>
  <datafield tag="306" ind1=" " ind2=" ">
   <subfield code="a">69 min., 11 sec.</subfield>
  </datafield>
  <datafield tag="500" ind1=" " ind2=" ">
   <subfield code="a">Program notes in English, German, French, and Italian  (p.14) inserted.</subfield>
  </datafield>
  <datafield tag="505" ind1="0" ind2=" ">
   <subfield code="a">Variations on a theme from Carmen / Bizet, Horowitz -- Danse macabre / Saint-Saëns, Liszt, Horowitz -- Sonata no. 11, K. 331. III. Rondo alla turca / Mozart -- Wedding march and variations / Mendelssohn, Liszt, Horowitz -- Lieder ohne Worte = Songs without words. Élégie, op. 85, no. 4 ; Frühlingslied, op. 62, no. 6 ; Schäfers Klagelied, op. 67, no. 5 / Mendelssohn -- Children's corner. III. Serenade of the doll / Debussy -- Etude, op. 72, no. 11 in A-flat ; Etude, op. 72, no. 6 in F ; Étincelles, op. 36, no. 6 / Moszkowski -- Polonaise, op. 53 in A flat / Chopin-- Scenes from childhood. Träumerei : op. 15, no. 7 / Schumann -- Scherzo a capriccio : presto / Mendelssohn -- Hungarian rhapsody no. 15. Rakóczy march / Liszt, Horowitz -- Valse oubliée no. 1 / Liszt --Prelude, op. 23, no. 5 in G minor / Rachmaninoff -- The stars and stripes forever / Sousa, Horowitz</subfield>
  </datafield>
  <datafield tag="511" ind1="0" ind2=" ">
   <subfield code="a">Vladimir Horowitz, piano.</subfield>
  </datafield>
  <datafield tag="518" ind1=" " ind2=" ">
   <subfield code="a">Recorded 1942-1981.</subfield>
  </datafield>
  <datafield tag="650" ind1="1" ind2="7">
   <subfield code="a">Variations (Piano), Arranged.</subfield>
  </datafield>
  <datafield tag="650" ind1="1" ind2="7">
   <subfield code="a">Piano music, Arranged.</subfield>
  </datafield>
  <datafield tag="650" ind1="1" ind2="7">
   <subfield code="a">Piano music.</subfield>
  </datafield>
  <datafield tag="650" ind1="1" ind2="7">
   <subfield code="a">Suites (Piano), Excerpts.</subfield>
  </datafield>
  <datafield tag="905" ind1=" " ind2=" ">
   <subfield code="a">FO</subfield>
  </datafield>
  <datafield tag="950" ind1=" " ind2=" ">
   <subfield code="a">Optic</subfield>
  </datafield>
  <datafield tag="852" ind1="0" ind2=" ">
   <subfield code="a">UPD</subfield>
   <subfield code="b">DMUS</subfield>
   <subfield code="h">CD 1649</subfield>
  </datafield>
  <datafield tag="942" ind1=" " ind2=" ">
   <subfield code="a">Music</subfield>
  </datafield>
 </record>
</collection>
